Statistiques concernant Expression #1

Cliquez ici pour prendre le quiz!

Statistiques générales

  • Ce quiz a été pris 36 fois
    (31 depuis la dernière actualisation)
  • Le résultat moyen est 3 sur 10

Statistiques - réponses

Expression anglaiseTraduction littéraleTraduction en français% Correct
Not born yesterday !Pas né d'hier !Pas folle la guêpe | Pas né de la dernière pluie
93%
An ounce of prevention is worth a pound of cureUne once de prévention vaut une livre de remèdeMieux vaut prévenir que guérir
74%
Sleep on itDors dessusLa nuit porte conseil
22%
Forewarned is forearmedQui est prévenu est protégéUn homme averti en vaut deux
22%
There are better days aheadIl y a des jours meilleurs à venirAprès la pluie, le beau temps
19%
Once bitten, twice shyMordu une fois, timide la secondeChat échaudé craint l'eau froide
15%
It's no use crying over spilt milkCa ne sert à rien de pleurer sur le lait renverséCe qui est fait est fait
7%
When in doubt, don'tDans le doute, abstiens-toi
4%
Look before you leapRegarde avant de sauterIl faut réfléchir avant d'agir
4%
Grasp all, lose allA vouloir tout saisir, on finit par tout perdreQui trop embrasse mal étreint
4%

Distribution des résultats

Percentile par nombre de réponses

% des personnes avec chaque résultat

Votre développement - résultats

Vous n’avez pas pris ce quiz depuis la dernière actualisation